| 000 | 01137nam a2200349 a 4500 | ||
|---|---|---|---|
| 001 | 000110292 | ||
| 003 | CHAP | ||
| 005 | 20220329144126.0 | ||
| 008 | 140812s1988 mx a |r| |||0|||spa d | ||
| 010 | _a106754 | ||
| 011 | _a107726 | ||
| 020 | _a9688220825 | ||
| 040 | _cCHAP | ||
| 082 | 0 | 4 |
_a338.2728097263 _bC12 |
| 100 | 1 |
_aCadena Kima-Chang, Susana _9127759 |
|
| 245 | 1 | 4 |
_aLos chontales ante una nueva expectativa de cambio : _bel petroleo / _cpor Susana Cadena Kima-Chang y Susana Suárez Paniagua. |
| 260 |
_aMéxico,D.F. : _bInstituto Nacional Indigenista, _c[1988]. |
||
| 300 |
_a213 p. : _bil. |
||
| 490 | 0 |
_aAntropología social _v79 |
|
| 590 |
_aE11695DGD _b10 _c20140819 _lUCH01 _h0826 |
||
| 590 |
_aE11695DGD _b10 _c20140819 _lUCH01 _h0827 |
||
| 590 |
_aE5652GLJ _b05 _c20140812 _lUCH01 _h0958 |
||
| 650 | 1 | 4 |
_aChontales. _922868 |
| 650 | 1 | 4 |
_aPetróleo _xIndustria _zMéxico. _987668 |
| 650 | 1 | 4 |
_aPetróleo _xTabasco. _987676 |
| 650 | 1 | 4 |
_aTabasco _xCondiciones rurales. _9111270 |
| 700 | 1 |
_aSuárez Paniagua, Susana _9127760 |
|
| 830 | 0 |
_aAntropología social _96144 |
|
| 901 | _aBK | ||
| 942 | _cLIBRO | ||
| 942 | _n0 | ||
| 999 |
_c106754 _d106754 |
||